|
|
|
|
| LEADER |
01226nam a2200301 a 4500 |
| 001 |
16043505 |
| 008 |
130212s2011 maua b 001 0 eng d |
| 010 |
|
|
|a 2010000294
|
| 020 |
|
|
|a 9780763742911 (pbk.)
|
| 020 |
|
|
|a 0763742910 (pbk.)
|
| 040 |
|
|
|a DNLM/DLC
|c DLC
|d BTCTA
|d NLM
|d YDXCP
|d C#P
|d DLC
|d BD-DhAAL
|
| 082 |
0 |
0 |
|a 362.1068
|2 22
|
| 100 |
1 |
|
|a Burke, Robert E.
|
| 245 |
0 |
0 |
|a Essentials of management and leadership in public health /
|c Robert E. Burke, Leonard H. Friedman.
|
| 260 |
|
|
|a Sudbury, MA :
|b Jones and Bartlett Publishers,
|c c2011.
|
| 300 |
|
|
|a xix, 174 p. :
|b ill. ;
|c 28 cm.
|
| 490 |
1 |
|
|a Essential public health
|
| 504 |
|
|
|a Includes bibliographical references and index.
|
| 541 |
1 |
|
|e 00026632
|
| 650 |
|
0 |
|a Health services administration.
|
| 650 |
1 |
2 |
|a Public Health Administration
|x methods.
|
| 650 |
2 |
2 |
|a Personnel Management
|x methods.
|
| 650 |
2 |
2 |
|a Public Health Practice.
|
| 700 |
1 |
|
|a Friedman, Leonard H.
|
| 830 |
|
0 |
|a Essential public health.
|
| 852 |
1 |
|
|a Ayesha Abed Library
|j General Shelf.
|
| 999 |
|
|
|c 13187
|d 13187
|
| 952 |
|
|
|0 0
|1 0
|2 ddc
|4 0
|6 362_106800000000000_BUR
|7 0
|9 21957
|a JPGSPH
|b JPGSPH
|c GEN
|d 2013-02-12
|e Karim International
|g 4130.00
|l 0
|o 362.1068 BUR
|p 3060026632
|r 2013-02-12
|t 1
|w 2013-02-12
|y BK
|